| 000 | 01418nam a2200337Ia 4500 | ||
|---|---|---|---|
| 001 | ebr10331416 | ||
| 003 | CaPaEBR | ||
| 006 | m u | ||
| 007 | cr cn||||||||| | ||
| 008 | 090223s2009 enk sb 001 0 eng d | ||
| 010 | _z 2009007666 | ||
| 020 | _z9780754652281 (hardcover : alk. paper) | ||
| 020 | _z9780754652298 (pbk. : alk. paper) | ||
| 040 |
_aCaPaEBR _cCaPaEBR |
||
| 035 | _a(OCoLC)465235157 | ||
| 050 | 1 | 4 |
_aBX4827.T67 _bM65 2009eb |
| 100 | 1 |
_aMolnar, Paul D., _d1946- |
|
| 245 | 1 | 0 |
_aThomas F. Torrance _h[electronic resource] : _btheologian of the Trinity / _cPaul D. Molnar. |
| 260 |
_aFarnham, Surrey, England ; _aBurlington, VT : _bAshgate Pub. Ltd., _c2009. |
||
| 300 | _aviii, 373 p. | ||
| 490 | 1 | _aGreat theologians series | |
| 504 | _aIncludes bibliographical references and index. | ||
| 533 |
_aElectronic reproduction. _bPalo Alto, Calif. : _cebrary, _d2011. _nAvailable via World Wide Web. _nAccess may be limited to ebrary affiliated libraries. |
||
| 600 | 1 | 0 |
_aTorrance, Thomas F. _q(Thomas Forsyth), _d1913-2007. |
| 650 | 0 |
_aTheology, Doctrinal _xHistory _y20th century. |
|
| 650 | 0 |
_aTrinity _xHistory of doctrines _y20th century. |
|
| 655 | 7 |
_aElectronic books. _2local |
|
| 710 | 2 | _aebrary, Inc. | |
| 830 | 0 | _aGreat theologians series. | |
| 856 | 4 | 0 |
_uhttp://site.ebrary.com/lib/rucke/Doc?id=10331416 _zAn electronic book accessible through the World Wide Web; click to view |
| 999 |
_c68679 _d68679 |
||